00313nam a2200121Ia 4500008004100000041000800041082001500049100001400064245004500078260003900123300002400162365000500186240624s9999 xx 000 0 und d aeng a659.1 STE  aSTEEL JON aTRUTH LIES AND ADVERTISING THE ART OF AC c1998aNew DelhibJohn Wiley & Sons a298 , p. , 24 , cm. c